000 00322nam a2200157Ia 4500
100 _aCline/Marsh/ Lomow/ Greg A
250 _a2
942 _cBK
654 _aC++
245 _aC++ FAQS
260 _bAddison Wesley Pub
_aNONE
_c1999
082 _a005.133'C'
_bCLI
300 _a587
546 _aENGLISH
999 _c32958
_d32958